000 00473nam a2200181Ia 4500
008 100917s9999 xx 000 0 und d
082 _b14587
100 _aभावे बा. न.
245 _aदीप निर्वाण
260 _b---
300 _a176
365 _b1
520 _aकादंबरी
630 _aदीप निर्वाण
650 _aकादंबरी
730 _aदीप निर्वाण
942 _cBOOK
999 _c619981
_d619978